000 00863cam a2200241u 4500
001 4365
003 FISKH
005 20240813085250.0
008 830324s1937 nyu 000 0 eng
010 _aunk82096609
040 _aDLC
_cCarP
_dDLC
_beng
050 _aPS3537.T3234
082 _a813.52
100 1 _aSteinbeck, John,
_d1902-1968.
245 1 0 _aOf Mice and Men /
_cBy John Steinbeck's
260 _aPhnom Penh :
_bFootprints International School,
_c2024.
300 _a105 pages :
_b21 cm
520 _aIn depression-era California, two migrant workers dream of better days on a spread of their own until an act of unintentional violence leads to tragic consequences.
650 _aGreat Depression
_vNovel
_xAmerican literature
_yFriendship
906 _a0
_bcbc
_cpremunv
_du
_encip
_f19
_gy-gencatlg
942 _2ddc
_cBK
_n0
999 _c4365
_d4365